Country Flight Destinations - Armenia - Statistics

General Stats
  • This quiz has been taken 18 times
  • The average score is 13 of 33
Answer Stats
Answer % Correct
Russia
100%
France
92%
Georgia
85%
Greece
85%
Germany
77%
Turkey
77%
United Kingdom
77%
Italy
62%
China
54%
Poland
54%
Iran
46%
Spain
46%
United Arab Emirates
46%
Belarus
38%
Israel
38%
Netherlands
38%
Austria
31%
Belgium
31%
Cyprus
31%
Czech Republic
31%
Egypt
31%
Iraq
31%
Qatar
31%
Lebanon
23%
Romania
15%
Hungary
8%
Kuwait
8%
Latvia
8%
Moldova
8%
Slovakia
8%
Syria
8%
Maldives
0%
Montenegro
0%
No matching quizzes found
Score Distribution
Percent of People with Each Score
Percentile by Number Answered
Your Score History
You have not taken this quiz